01100nam a2200193 a 4500008004100000020001800041050001400059100002400073245007800097250001900175260004200194300001900236650001400255995015500269995015500424995015500579995015500734999001700889210427s2010 ||||||||||||||||| || u a9780199574889 aK 435 Ple aPlessis, Paul J. du10aBorkowski's textbook on Roman law (Fourth edition)cBy Paul J. du Plessis aFourth edition aOxfordbOxford University Pressc2010 axvi, 427 pages aROMAN LAW aMAIN LIBRARY OPEN ACCESSD134.73e751070FCBU-MAIN LIBRARY (Kitwe)jK 435 PleM1UAVAILABLEWApr 27, 2021y751070ZMain Library Open Access Collection aMAIN LIBRARY OPEN ACCESSD134.73e751072FCBU-MAIN LIBRARY (Kitwe)jK 435 PleM3UAVAILABLEWApr 27, 2021y751072ZMain Library Open Access Collection aMAIN LIBRARY OPEN ACCESSD134.73e751071FCBU-MAIN LIBRARY (Kitwe)jK 435 PleM2UAVAILABLEWApr 27, 2021y751071ZMain Library Open Access Collection aMAIN LIBRARY OPEN ACCESSD134.73e751073FCBU-MAIN LIBRARY (Kitwe)jK 435 PleM4UAVAILABLEWApr 27, 2021y751073ZMain Library Open Access Collection c84715d84715